Octubre, un crimen / (Registro nro. 6399)

Detalles MARC
000 -LEADER
fixed length control field 01106nam a22002657a 4500
003 - CONTROL NUMBER IDENTIFIER
control field OSt
005 - DATE AND TIME OF LATEST TRANSACTION
control field 20250710120759.0
008 - FIXED-LENGTH DATA ELEMENTS--GENERAL INFORMATION
fixed length control field 200123s2004 ag ||||br|||| 00| f spa d
020 ## - INTERNATIONAL STANDARD BOOK NUMBER
International Standard Book Number 9789875730021
040 ## - CATALOGING SOURCE
Original cataloging agency CO-JMCR
Transcribing agency CO-JMCR
041 0# - LANGUAGE CODE
Language code of text/sound track or separate title spa
082 ## - DEWEY DECIMAL CLASSIFICATION NUMBER
Classification number N
Item number HUIo
100 1# - MAIN ENTRY--PERSONAL NAME
Personal name Huidobro, Norma,
Relator term autora
9 (RLIN) 31
245 10 - TITLE STATEMENT
Title Octubre, un crimen /
Statement of responsibility, etc. Norma Huidobro
250 ## - EDITION STATEMENT
Edition statement Primera edición
260 ## - PUBLICATION, DISTRIBUTION, ETC.
Place of publication, distribution, etc. Buenos Aires :
Name of publisher, distributor, etc. Ediciones SM,
Date of publication, distribution, etc. 2004
300 ## - PHYSICAL DESCRIPTION
Extent 202 páginas ;
Dimensions 19 cm.
490 0# - SERIES STATEMENT
Series statement El barco de vapor. Serie roja ;
Volume/sequential designation 4/A
520 ## - SUMMARY, ETC.
Summary, etc. Al principio solo fue un papel doblado en cuatro. Después supe que era una carta. Por supuesto que me sorprendí. Me imagino que alguien que cose un dobladillo no tiene por qué meter ni un papel ni nada debajo del doblez de tela. A menos que... quiera esconderlo. Y tenía razón: nadie mete un papel en el dobladillo de un vestido, a no ser que tenga un buen motivo...
521 ## - TARGET AUDIENCE NOTE
Target audience note Mayores de 12 años
586 ## - AWARDS NOTE
Awards note Premio El Barco de Vapor 2004
650 14 - SUBJECT ADDED ENTRY--TOPICAL TERM
Topical term or geographic name entry element Novela argentina
9 (RLIN) 32
650 14 - SUBJECT ADDED ENTRY--TOPICAL TERM
Topical term or geographic name entry element Novela infantil
9 (RLIN) 15
942 ## - ADDED ENTRY ELEMENTS (KOHA)
Source of classification or shelving scheme Dewey Decimal Classification
Koha item type Books
Existencias
Withdrawn status Lost status Source of classification or shelving scheme Damaged status Not for loan Collection code Home library Current library Date acquired Source of acquisition Total Checkouts Total Renewals Full call number Barcode Date last seen Date last checked out Copy number Price effective from Koha item type
    Dewey Decimal Classification     Fiction Biblioteca Pública José María del Castillo y Rada Biblioteca Pública José María del Castillo y Rada 01/23/2020 Donación 7 1 N HUIo 201809680 03/31/2026 03/31/2026 Ej.1 01/23/2020 Books